Statistiken für Alle Absteiger aus der Bundesliga

Klicken Sie hier um das Quiz zu spielen!

Allgemein

  • Dieses Quiz wurde 4.716 mal gespielt
    (939 seit der letzten Aktualisierung)
  • Das Durchschnittsergebnis liegt bei 108 aus 146

Antwortstatistiken

JahrAbsteiger% Korrekt
2020/21Schalke 04
95%
| 1987/88Schalke 04
94%
Hamburger SV
91%
| 1964/65 | 1982/83 | +2 othersHertha BSC
91%
Werder Bremen
91%
| 1983/84 | 2018/191. FC Nürnberg
90%
1. FC Nürnberg
89%
2012/13Greuther Fürth
88%
Borussia Dortmund
87%
| 2011/121. FC Kaiserslautern
84%
| 1971/72 | 1997/98 | 2008/09Arminia Bielefeld
84%
1985/86 | 1988/89 | 2015/16Hannover 96
84%
| 1973/74Hannover 96
83%
1860 München
82%
Eintracht Frankfurt
82%
| 1991/92 | 2019/20Fortuna Düsseldorf
82%
| 1978/79 | 2016/17SV Darmstadt 98
82%
1860 München
81%
| 1996/97 | 2001/02 | 2010/11FC St. Pauli
80%
| 2004/05SC Freiburg
80%
| 2000/01VfL Bochum
80%
1977/78FC St. Pauli
79%
1994/95Dynamo Dresden
78%
| 1979/80 | 1984/85 | 2013/14Eintracht Braunschweig
78%
| 2003/04 | 2017/181. FC Köln
76%
1. FSV Mainz 05
76%
VfB Stuttgart
76%
2014/15SC Paderborn 07
75%
Hansa Rostock
74%
| 1967/68Karlsruher SC
72%
| 1981/82 | 1999/2000 | +2 othersMSV Duisburg
71%
1966/67 | 1970/71 | 1976/77Rot-Weiss Essen
71%
| 1969/70Alemannia Aachen
69%
Ingolstadt 04
68%
1998/99 | 2006/07Borussia Mönchengladbach
67%
| 1963/64 | 1992/931. FC Saarbrücken
65%
| 2002/03Energie Cottbus
65%
1965/66Tasmania Berlin
65%
Stuttgarter Kickers
61%
Preußen Münster
60%
Waldhof Mannheim
59%
SSV Ulm 1846
55%
| 1968/69Kickers Offenbach
54%
| 1975/76 | 1980/81Bayer 05 Uerdingen
53%
1995/96KFC Uerdingen 05
53%
Fortuna Köln
52%
SpVgg Unterhaching
50%
1972/73Rot-Weiß Oberhausen
46%
Tennis Borussia Berlin
45%
1974/75Wuppertaler SV
43%
1993/94VfB Leipzig
42%
1986/87Blau-Weiß 90 Berlin
41%
SG Wattenscheid 09
40%
| 1989/90FC 08 Homburg
39%
Borussia Neunkirchen
37%

Verteilung der Resultate

Perzentil nach korrekt beantworteten Fragen

Anzahl Personen mit jedem Resultat

Ihre Resultats-Entwicklung

Sie haben dieses Quiz seit der letzten Aktualisierung nicht gespielt